[Event "Biel Master Tournament 2019"]
[Site "Biel"]
[Date "2019.07.30"]
[Round "8.3"]
[White "Donchenko, Alexander"]
[Black "Petrosyan, Manuel"]
[Result "1/2-1/2"]
[WhiteElo "2615"]
[BlackElo "2592"]
[Annotator "TA"]
[PlyCount "67"]
[EventDate "2019.07.20"]
[EventType "swiss"]
[EventCountry "SUI"]
[SourceTitle "playchess.com"]
[Source "ChessBase"]
[SourceQuality "1"]

{[%evp 12,67,7,3,7,14,1,0,13,0,0,0,0,0,10,0,8,7,10,-5,5,7,0,-1,-19,-21,-17,-41,-9,-50,-45,-55,-54,-53,-30,-57,-57,-57,-57,-57,-57,-57,-57,-57,-57,-57,-57,-57,-57,-57,-48,-57,-48,-48,-48,-48,0,-48]} 1. d4 Nf6 2. Nf3 d5 3. Bf4 e6 4. e3 c5 5. c3 Nc6 6. Nbd2 Be7 7. Ne5 Nxe5 {D02: 1 d4 d5 2 Nf3 sidelines, including 2...Nf6 3 g3 and 2...Nf6 3 Bf4} (7... O-O 8. Bd3 Bd6 9. Ndf3 Qc7 10. h4 Ne4 11. Qc2 f6 12. Nxc6 Bxf4 13. exf4 Qxc6 14. dxc5 f5 15. b4 Qc7 16. Ne5 {0-1 (34) Wei,Y (2729)-So,W (2780) chess.com INT 2018}) 8. dxe5 Nd7 9. h4 h5 $146 ({Predecessor:} 9... Qb6 10. Rb1 Qa5 11. a3 c4 12. Qg4 g6 13. Be2 h5 14. Qg3 Nc5 15. Bg5 Bxg5 16. Qxg5 {1-0 (28) Shevchenko,K (2535)-Warmerdam,M (2448) Skopje 2019}) 10. Nf3 b6 11. Bd3 Bb7 12. Qe2 Qc7 13. O-O g6 14. Rad1 c4 15. Bc2 Nc5 16. Nd4 a6 17. Bg3 Ne4 $36 {[%mdl 2048] Black has good play.} 18. Bxe4 dxe4 19. Nc2 O-O 20. Kh2 Rfd8 21. Rd4 b5 22. Kh3 Bc5 23. Bf4 Bxd4 24. exd4 f5 25. Qe3 Bd5 26. Bg5 Rf8 27. Qg3 Qg7 28. Qf4 Kh7 29. Re1 a5 30. a3 Ra7 31. Kh2 Rb7 32. Re3 Rd7 33. Rg3 Rb7 34. Kh3 {Accuracy: White = 70%, Black = 50%.} 1/2-1/2

[Event "Biel Master Tournament 2019"]
[Site "Biel"]
[Date "2019.07.30"]
[Round "8.4"]
[White "Gukesh D"]
[Black "Salem, A.R. Saleh"]
[Result "1/2-1/2"]
[WhiteElo "2520"]
[BlackElo "2672"]
[Annotator "RC"]
[PlyCount "41"]
[EventDate "2019.07.20"]
[EventType "swiss"]
[EventCountry "SUI"]
[SourceTitle "playchess.com"]
[Source "ChessBase"]
[SourceQuality "1"]
[TimeControl "40/5400+30:1800+30"]

1. d4 {[%emt 0:00:00]} Nf6 {[%emt 0:02:31]} 2. Nf3 {[%emt 0:00:26]} e6 {[%emt 0:03:43]} 3. g3 {[%emt 0:01:35]} c5 {[%emt 0:02:34]} 4. Bg2 {[%emt 0:03:19]} cxd4 {[%emt 0:00:09]} 5. Nxd4 {[%emt 0:05:56]} d5 {[%emt 0:00:10]} 6. O-O {[%emt 0:05:48]} e5 {[%emt 0:07:01]} 7. Nf3 {[%emt 0:02:27]} Qc7 {[%emt 0:15:20]} 8. c4 {[%emt 0:08:59]} dxc4 {[%emt 0:07:49]} 9. Nc3 {[%emt 0:01:18]} Bc5 {[%emt 0:05:37]} 10. Nb5 {[%emt 0:34:23]} Qb6 {[%emt 0:07:36]} 11. Na3 {[%emt 0:01:48]} Bxa3 {[%emt 0:08:48]} 12. Qa4+ {[%emt 0:00:10]} Nc6 {[%emt 0:01:01]} 13. Qxa3 {[%emt 0:00:09]} Be6 {[%emt 0:09:53]} 14. Bg5 {[%emt 0:06:22]} a5 {[%emt 0:05:13]} 15. Nd2 {[%emt 0:12:16]} Qb4 {[%emt 0:10:57]} 16. Qxb4 {[%emt 0:01:08]} axb4 {[%emt 0:00:10]} 17. Bxc6+ {[%emt 0:00:25]} bxc6 {[%emt 0:00:01]} 18. Rfc1 {[%emt 0:00:10]} Nd7 {[%emt 0:05:03]} 19. Nxc4 {[%emt 0:00:10]} f6 {[%emt 0:00:06]} 20. Be3 {[%emt 0:01:46]} Ke7 {[%emt 0:01:57]} 21. a3 {[%emt 0:03:22]} 1/2-1/2

[Event "Biel Master Tournament 2019"]
[Site "Biel"]
[Date "2019.07.30"]
[Round "8.5"]
[White "Martirosyan, Haik M."]
[Black "Vaibhav, Suri"]
[Result "1/2-1/2"]
[WhiteElo "2619"]
[BlackElo "2591"]
[Annotator "TA"]
[PlyCount "90"]
[EventDate "2019.07.20"]
[EventType "swiss"]
[EventCountry "SUI"]
[SourceTitle "playchess.com"]
[Source "ChessBase"]
[SourceQuality "1"]

{[%evp 23,90,27,19,12,18,17,18,11,13,0,0,0,0,0,3,0,0,-33,0,0,0,0,0,0,0,0,0,-15,0,0,0,0,0,0,0,0,0,0,0,-9,0,0,0,-8,-8,-10,-8,-8,-12,-10,-11,-8,0,0,0,0,0,0,12,8,8,8,8,8,8,8,40,35,43]} 1. Nf3 Nf6 2. g3 d5 3. Bg2 c5 4. O-O Nc6 5. d4 e6 6. c4 dxc4 7. dxc5 Qxd1 8. Rxd1 Bxc5 9. Nbd2 c3 10. bxc3 O-O 11. Nb3 Be7 12. Nfd4 Bd7 13. Nxc6 {E04: Open Catalan: 5 Nf3} Bxc6 14. Bxc6 bxc6 15. c4 {The position is equal.} Rfb8 16. Bd2 Kf8 17. f3 Ke8 18. Bc3 g6 {[#]} 19. Kg2 $146 ({Predecessor:} 19. Kf2 Nd7 20. Ba5 Rb7 {½-½ (45) Eljanov,P (2751)-Wojtaszek,R (2745) Shamkir 2017}) 19... Nd7 20. f4 Bb4 21. Rac1 a5 22. Kf3 a4 23. Nd4 $1 {[%cal Rd4c6]} Bxc3 24. Rxc3 Ra6 25. Ke3 Nc5 26. Nf3 Ke7 27. Rc2 Rab6 28. Rcd2 R8b7 29. g4 Nd7 30. g5 Rb4 31. Kd4 a3 32. Rc1 Rb2 33. Rcc2 f6 34. Ke3 e5 35. gxf6+ Kxf6 36. Rc3 exf4+ 37. Kxf4 Rxd2 38. Nxd2 $11 {[%mdl 4096] Endgame KRN-KRN} Rb2 39. Ne4+ Ke6 40. Ng5+ Ke7 41. Rxa3 Rxe2 42. Re3+ Rxe3 43. Kxe3 h6 44. Ne4 c5 45. a4 Kd8 {Accuracy: White = 70%, Black = 75%.} 1/2-1/2

[Event "Biel Master Tournament 2019"]
[Site "Biel"]
[Date "2019.07.30"]
[Round "8.6"]
[White "Erdos, Viktor"]
[Black "Moussard, Jules"]
[Result "1/2-1/2"]
[WhiteElo "2603"]
[BlackElo "2576"]
[Annotator "TA"]
[PlyCount "161"]
[EventDate "2019.07.20"]
[EventType "swiss"]
[EventCountry "SUI"]
[SourceTitle "playchess.com"]
[Source "ChessBase"]
[SourceQuality "1"]

{[%evp 29,161,37,48,45,45,6,19,22,18,-2,-12,-19,-14,-35,112,-16,0,0,0,0,0,0,0,-14,-19,-15,-16,-23,-13,-12,-12,-12,-15,-10,0,-24,-16,-40,-2,-46,-28,-61,-50,-88,-79,-104,-107,-1383,-78,-100,-96,-977,-827,-731,-545,-545,-545,-535,-532,-517,-509,-509,-509,-520,-148,-163,-129,-797,-168,-232,-231,-191,-135,-465,-105,-101,-92,-110,-62,-61,-50,-50,-51,-51,-51,-59,-31,-37,0,-14,-14,-12,-9,-10,-7,-20,0,-8,-8,-8,-7,-7,-7,-7,-7,-7,-7,-7,0,0,0,0,0,0,0,0,0,0,0,0,0,0,0,0,0,0,0,0,0,0,0,0,0,0]} 1. e4 c5 2. Nf3 e6 3. c4 a6 4. Nc3 d6 5. d4 cxd4 6. Nxd4 Nf6 7. Be2 Be7 8. O-O Qc7 9. Be3 Nbd7 10. Rc1 b6 11. Qd2 Bb7 12. f3 O-O 13. Rfd1 Rac8 14. Bf1 Rfe8 15. Kh1 Qb8 16. b4 {[#] A31: Symmetrical English: 2 Nf3 Nf6 3 d4} h5 $146 ({Predecessor:} 16... Bd8 17. Bg1 Kh8 18. Na4 Bc7 19. Rc2 h6 20. c5 b5 21. c6 bxa4 {1-0 (42) Bu,X (2697)-Jumabayev,R (2625) Chengdu 2017}) 17. b5 h4 18. bxa6 Bxa6 19. Ndb5 Ne5 20. Na4 h3 21. Nxb6 hxg2+ (21... Rc6 $15) 22. Bxg2 (22. Qxg2 $16 Rc6 23. Rb1) 22... Nxc4 23. Rxc4 Rxc4 24. Nxc4 Bxb5 25. Rb1 Qc7 26. Nb6 Ba6 27. a4 d5 28. exd5 Nxd5 29. Nxd5 exd5 30. Qxd5 Rd8 31. Qa2 {And now Bb6 would win.} Rd3 32. Qf2 Qc3 33. Bf4 Qc4 34. Qe1 Qxa4 35. Bg3 Qd7 $36 {[%mdl 2048] Black has some pressure.} 36. f4 Bf8 37. Qe4 Rd2 38. Qe3 $2 {[%mdl 8192] [#]} (38. Be1 $17 Re2 39. Qd5) 38... Re2 $2 (38... Rxg2 $1 $19 {[%mdl 512] is more deadly.} 39. Kxg2 Qd5+ 40. Kg1 Bc5 $1 {[%mdl 512]}) 39. Qf3 Bc4 {aiming for ...Rxg2!} 40. Qb7 $2 {[%mdl 8192]} (40. Rc1 $17 Rxg2 41. Rxc4) 40... Qd3 $19 41. Bc6 g6 42. Ra1 Bg7 43. Qc8+ Kh7 $1 44. Qh3+ Bh6 {Hoping for ...Qc3!} 45. Qf1 Ra2 $1 46. Qd1 Bb5 $2 (46... Bg7 $19 47. Rc1 Qa3) 47. Bg2 $17 Rd2 48. Qf1 $2 {[%mdl 8192]} (48. Qf3 $17) 48... Qc3 $2 (48... Qd7 49. Qf3 Rxg2 $1 {[%mdl 512]} 50. Kxg2 Bc6) 49. Qc1 (49. Qe1 $142) 49... Qd4 $19 50. Qg1 Qc4 (50... Qf6 $19 {( -> ...Rxg2!)} 51. Rc1 Bxf4 52. Bxf4 Qxf4) 51. Qf1 $2 {[%mdl 8192] [#]} (51. Qc1 $17 {nothing else works.} Qd3 52. Qc5) 51... Qb3 $2 (51... Qxf1+ $1 $19 52. Rxf1 Bxf1 53. Bxf1 {[#]} Bxf4 $1 {[%mdl 576] Deflection, Decoy} 54. Bxf4 Rf2 {[%mdl 64] Double Attack}) 52. Qb1 $17 Rb2 53. Qd1 Qe6 {White must now prevent ...Bc6.} 54. Qd5 Qf6 {Strongly threatening ...Rxg2!} 55. Qe5 Bg7 56. Qxf6 Bxf6 57. Rc1 Bd4 58. Bd5 Rd2 59. Be1 {The position is equal.} Rd3 60. Be4 Re3 61. Bd5 Re2 62. Bc3 (62. Bh4 {is more complex.} f6 63. Rb1 Bd3 64. Rd1 Be4+ 65. Bxe4 Rxe4 66. Bg3) 62... Be3 (62... Bxc3 {looks sharper.} 63. Rxc3 Kg7 64. Rb3 Bd7 65. Rb7 Be8) 63. Re1 Rxe1+ 64. Bxe1 $11 {[%mdl 4096] Endgame KBB-KBB} Kg7 65. Bg3 Bf1 66. Bg2 Bd3 67. Bd5 f5 68. Kg2 Be4+ 69. Bxe4 fxe4 {KB-KB} 70. Kh3 $1 Kf6 {...Kf5 is the strong threat.} 71. Kg4 Bg1 72. h3 Ke6 73. Be1 Be3 74. Bh4 Bd2 75. Bg3 Bb4 76. Bf2 Be7 77. Bg1 Bd8 78. Bf2 Bf6 79. Be3 Be7 80. Bf2 Bd8 81. Bg1 {Accuracy: White = 47%, Black = 42%.} 1/2-1/2

[Event "Biel Master Tournament 2019"]
[Site "Biel"]
[Date "2019.07.30"]
[Round "8.7"]
[White "Kamsky, Gata"]
[Black "Erigaisi Arjun"]
[Result "1-0"]
[WhiteElo "2673"]
[BlackElo "2531"]
[Annotator "TA"]
[PlyCount "96"]
[EventDate "2019.07.20"]
[EventType "swiss"]
[EventCountry "SUI"]
[SourceTitle "playchess.com"]
[Source "ChessBase"]
[SourceQuality "1"]

{[%evp 21,96,-16,-4,-16,0,0,0,0,0,0,0,0,0,0,-2,-8,0,-19,-12,-9,-10,-4,-16,-25,-27,-27,-23,-45,-28,-29,-34,-33,-27,-25,-27,-24,-30,-23,-19,-37,-9,-39,-23,-23,-9,-18,0,0,0,0,26,25,44,44,44,27,50,35,38,28,80,80,157,120,115,118,146,146,146,100,99,95,112,112,106,90,162]} 1. Nf3 Nf6 2. g3 d5 3. Bg2 c6 4. d3 h6 5. O-O Bf5 6. b3 e6 7. Bb2 Be7 8. Nbd2 O-O 9. c4 a5 10. a3 Bh7 11. Qc2 Nbd7 12. Rfe1 {A12: English Opening: 1...c6 with b3 by White} (12. Bc3 b5 13. cxb5 cxb5 14. Qb2 Qb6 15. b4 axb4 16. axb4 Ra4 17. Rac1 Rfa8 18. Rc2 Ne8 19. e4 Ndf6 20. Ne5 Qb7 21. Re1 Rd8 {1-0 (34) Caruana,F (2804)-Giri,A (2782) Leuven 2016}) 12... b5 13. Rec1 Bc5 $146 ({Predecessor:} 13... Qb6 14. cxd5 cxd5 15. Bd4 Qa6 16. Qb2 Rfc8 17. h3 Ne8 18. Ne5 Nxe5 19. Bxe5 {½-½ (59) Pon,M (2204)-Mpya,T (1913) Boksburg 2018}) 14. cxb5 {The position is equal.} cxb5 15. b4 axb4 16. Nb3 Be7 {[%cal Rb4a3]} 17. axb4 Bxb4 18. Nfd4 {[#] Strongly threatening Nc6.} Rxa1 19. Rxa1 {And now Nc6 would win.} Qb6 20. Qc6 Rb8 21. Qxb6 Rxb6 22. Ra8+ Bf8 23. Na5 Nb8 24. f4 b4 25. Ndb3 Nfd7 26. Ra7 Nc5 27. Bd4 Ra6 28. Rc7 Nxb3 29. Nxb3 {[#] Black must now prevent Rc8.} Rc6 30. Ra7 Bd6 31. Bf3 Bg6 32. Rb7 Rc2 33. Na5 Kh7 34. Rb6 $36 {[%mdl 2048] White has good play.} Bc7 35. Rxb4 Bxa5 36. Rxb8 Bc3 37. Bxc3 Rxc3 $14 {[%mdl 4096] Endgame KRB-KRB} 38. Kf2 Rc7 39. g4 f6 40. Rd8 f5 (40... Re7 $11 {keeps the balance.}) 41. Ke3 $16 Rf7 (41... Re7 $142) 42. Rd6 fxg4 43. Bxg4 Bf5 44. Bxf5+ exf5 45. h4 Re7+ {White is better.} 46. Kf3 h5 47. Rxd5 g6 48. Re5 Rd7 {Accuracy: White = 73%, Black = 47%.} (48... Rc7 $16 {is a better defense.}) 1-0

[Event "Biel Master Tournament 2019"]
[Site "Biel"]
[Date "2019.07.30"]
[Round "8.8"]
[White "Gopal G.N."]
[Black "Puranik, Abhimanyu"]
[Result "1/2-1/2"]
[WhiteElo "2594"]
[BlackElo "2550"]
[Annotator "ChessBase"]
[PlyCount "47"]
[EventDate "2019.07.20"]
[EventType "swiss"]
[EventCountry "SUI"]
[SourceTitle "playchess.com"]
[Source "ChessBase"]
[SourceQuality "1"]
[TimeControl "40/5400+30:1800+30"]

1. e4 {[%emt 0:00:00]} e5 {[%emt 0:00:00]} 2. Nf3 {[%emt 0:00:00]} Nc6 {[%emt 0:00:00]} 3. Bb5 {[%emt 0:00:00]} a6 {[%emt 0:00:00]} 4. Ba4 {[%emt 0:00:00]} Nf6 {[%emt 0:00:00]} 5. O-O {[%emt 0:00:00]} Bc5 {[%emt 0:00:01]} 6. c3 {[%emt 0:00:24]} O-O {[%emt 0:00:07]} 7. d4 {[%emt 0:00:06]} Ba7 {[%emt 0:00:09]} 8. dxe5 {[%emt 0:05:44]} Nxe4 {[%emt 0:00:05]} 9. Qd5 {[%emt 0:00:13]} Nc5 {[%emt 0:00:07]} 10. Bc2 {[%emt 0:00:04]} Ne7 {[%emt 0:00:05]} 11. Qd1 {[%emt 0:00:10]} d5 {[%emt 0:00:13]} 12. exd6 {[%emt 0:00:08]} Qxd6 {[%emt 0:00:04]} 13. Qxd6 {[%emt 0:00:07]} cxd6 {[%emt 0:00:04]} 14. Bf4 {[%emt 0:01:33]} Rd8 {[%emt 0:00:59]} 15. Rd1 {[%emt 0:16:16]} d5 {[%emt 0:05:17]} 16. h3 {[%emt 0:04:30]} Bf5 {[%emt 0:06:04]} 17. Na3 {[%emt 0:00:54]} Ne6 {[%emt 0:04:48]} 18. Be5 {[%emt 0:06:20]} Be4 {[%emt 0:02:30]} 19. Nd4 {[%emt 0:05:30]} Ng6 {[%emt 0:04:39]} 20. Nxe6 {[%emt 0:00:49]} fxe6 {[%emt 0:00:22]} 21. Bd4 {[%emt 0:00:37]} Bxc2 {[%emt 0:03:48]} 22. Nxc2 {[%emt 0:00:05]} Bxd4 {[%emt 0:22:44]} 23. cxd4 {[%emt 0:13:50]} Rac8 {[%emt 0:04:33]} 24. Rac1 {[%emt 0:15:26]} 1/2-1/2

[Event "Biel Master Tournament 2019"]
[Site "Biel"]
[Date "2019.07.30"]
[Round "8.9"]
[White "Shyam, Sundar M."]
[Black "Santos Latasa, Jaime"]
[Result "1-0"]
[WhiteElo "2520"]
[BlackElo "2594"]
[Annotator "RC"]
[PlyCount "125"]
[EventDate "2019.07.20"]
[EventType "swiss"]
[EventCountry "SUI"]
[SourceTitle "playchess.com"]
[Source "ChessBase"]
[SourceQuality "1"]
[TimeControl "40/5400+30:1800+30"]

1. e4 {[%emt 0:01:31]} c5 {[%emt 0:00:51]} 2. Nf3 {[%emt 0:00:08]} Nc6 {[%emt 0:00:13]} 3. Bb5 {[%emt 0:00:14]} Nf6 {[%emt 0:00:09]} 4. Nc3 {[%emt 0:01:21]} Nd4 {[%emt 0:00:14]} 5. e5 {[%emt 0:05:37]} Nxb5 {[%emt 0:00:19]} 6. Nxb5 {[%emt 0:00:09]} Nd5 {[%emt 0:00:05]} 7. O-O {[%emt 0:00:10]} a6 {[%emt 0:02:36]} 8. Nc3 {[%emt 0:00:22]} Nxc3 {[%emt 0:01:10]} 9. dxc3 {[%emt 0:00:13]} d5 {[%emt 0:01:31]} 10. Be3 {[%emt 0:12:30]} e6 {[%emt 0:01:56]} 11. Ng5 {[%emt 0:00:19]} Qc7 {[%emt 0:04:36]} 12. f4 {[%emt 0:06:20]} h6 {[%emt 0:04:27]} 13. Qh5 {[%emt 0:04:11]} g6 {[%emt 0:06:29]} 14. Qh3 {[%emt 0:03:31]} Bd7 {[%emt 0:00:15]} 15. Rad1 {[%emt 0:02:22]} Bc6 {[%emt 0:03:39]} 16. Nxe6 {[%emt 0:06:51]} fxe6 {[%emt 0:00:20]} 17. Qxe6+ {[%emt 0:00:03]} Qe7 {[%emt 0:00:22]} 18. Qxg6+ {[%emt 0:00:05]} Qf7 {[%emt 0:00:08]} 19. Qxf7+ {[%emt 0:01:48]} Kxf7 {[%emt 0:00:11]} 20. f5 {[%emt 0:00:10]} Rg8 {[%emt 0:05:10]} 21. Bf2 {[%emt 0:20:42]} Be7 {[%emt 0:06:25]} 22. Bg3 {[%emt 0:07:15]} Bg5 {[%emt 0:04:18]} 23. Rfe1 {[%emt 0:04:11]} h5 {[%emt 0:02:47]} 24. Bf2 {[%emt 0:03:46]} Be7 {[%emt 0:08:02]} 25. f6 {[%emt 0:04:20]} Bf8 {[%emt 0:00:09]} 26. e6+ {[%emt 0:00:10]} Kxf6 {[%emt 0:00:05]} 27. e7 {[%emt 0:00:02]} Bg7 {[%emt 0:00:06]} 28. Bxc5 {[%emt 0:00:22]} Kg6 {[%emt 0:03:01]} 29. Re6+ {[%emt 0:08:30]} Kh7 {[%emt 0:00:17]} 30. Rf1 {[%emt 0:01:17]} Bh6 {[%emt 0:03:20]} 31. Rff6 {[%emt 0:05:09]} Bg5 {[%emt 0:01:45]} 32. Rf7+ {[%emt 0:00:25]} Rg7 {[%emt 0:00:06]} 33. Rf8 {[%emt 0:00:08]} Rg8 {[%emt 0:00:10]} 34. Rf7+ {[%emt 0:00:01]} Rg7 {[%emt 0:00:06]} 35. Rf8 {[%emt 0:00:21]} Rg8 {[%emt 0:00:04]} 36. Re5 {[%emt 0:00:45]} Kg6 {[%emt 0:01:21]} 37. g3 {[%emt 0:02:26]} Re8 {[%emt 0:00:47]} 38. h4 {[%emt 0:00:42]} Bh6 {[%emt 0:00:26]} 39. Rff5 {[%emt 0:00:30]} Bd7 {[%emt 0:01:09]} 40. Rf2 {[%emt 0:00:25]} Bc6 {[%emt 0:00:07]} 41. Kh2 {[%emt 0:07:27]} Rg7 {[%emt 0:03:22]} 42. Re6+ {[%emt 0:00:24]} Kh7 {[%emt 0:00:06]} 43. Rff6 {[%emt 0:00:05]} Bc1 {[%emt 0:00:12]} 44. Re5 {[%emt 0:00:14]} Rg6 {[%emt 0:01:01]} 45. Rxh5+ {[%emt 0:02:56]} Bh6 {[%emt 0:00:06]} 46. Rf7+ {[%emt 0:03:01]} Rg7 {[%emt 0:00:33]} 47. Rf8 {[%emt 0:02:31]} Kg6 {[%emt 0:01:05]} 48. Rxe8 {[%emt 0:01:56]} Bxe8 {[%emt 0:00:09]} 49. Rxd5 {[%emt 0:00:04]} Kf7 {[%emt 0:00:19]} 50. Kh3 {[%emt 0:05:12]} Bc1 {[%emt 0:00:20]} 51. Ba3 {[%emt 0:01:45]} Rg6 {[%emt 0:01:31]} 52. g4 {[%emt 0:02:47]} Rf6 {[%emt 0:00:47]} 53. g5 {[%emt 0:00:37]} Rf1 {[%emt 0:00:22]} 54. Rd8 {[%emt 0:01:31]} Rh1+ {[%emt 0:00:23]} 55. Kg3 {[%emt 0:03:25]} Rg1+ {[%emt 0:00:37]} 56. Kf2 {[%emt 0:00:05]} Rg4 {[%emt 0:00:16]} 57. Kf3 {[%emt 0:00:03]} Rg1 {[%emt 0:00:13]} 58. Bc5 {[%emt 0:00:53]} Bc6+ {[%emt 0:00:20]} 59. Kf2 {[%emt 0:00:10]} Rg2+ {[%emt 0:00:26]} 60. Kf1 {[%emt 0:00:02]} Rxc2 {[%emt 0:01:35]} 61. Rf8+ {[%emt 0:00:08]} Kg7 {[%emt 0:00:06]} 62. Bd4+ {[%emt 0:00:34]} Kh7 {[%emt 0:00:07]} 63. Rf7+ {[%emt 0:00:31]} 1-0

[Event "Biel Master Tournament 2019"]
[Site "Biel"]
[Date "2019.07.30"]
[Round "8.10"]
[White "Jumabayev, Rinat"]
[Black "Dhulipalla Bala Chandra Prasad"]
[Result "1-0"]
[WhiteElo "2633"]
[BlackElo "2419"]
[Annotator "TA"]
[PlyCount "111"]
[EventDate "2019.07.20"]
[EventType "swiss"]
[EventCountry "SUI"]
[SourceTitle "playchess.com"]
[Source "ChessBase"]
[SourceQuality "1"]

{[%evp 9,111,22,17,20,32,15,45,7,9,12,16,12,27,23,31,26,43,46,40,37,52,25,32,30,39,31,37,28,53,62,53,55,60,19,134,137,135,129,123,131,129,127,130,133,127,123,131,129,120,123,127,131,133,112,128,120,146,139,180,169,210,179,277,297,291,285,303,284,300,269,497,495,468,461,608,660,656,656,622,651,648,623,591,560,445,306,839,819,750,756,700,679,1248,1202,1192,1054,1429,955,1726,1771,1677,1349,1195,870]} 1. d4 d5 2. c4 e6 3. Nf3 a6 4. Bg5 (4. e3 Nf6 5. Nc3 dxc4 6. Bxc4 b5 7. Be2 Bb7 8. O-O Nbd7 9. b3 c5 10. Bb2 Be7 11. Rc1 O-O 12. Qc2 Rc8 13. Qb1 Qb6 14. Rfd1 Rfd8 15. h3 h6 16. dxc5 Nxc5 17. Rxd8+ Rxd8 {0-1 (59) Mamedyarov,S (2817)-Carlsen,M (2835) St Petersburg 2018}) 4... Be7 5. Bxe7 Qxe7 6. Nbd2 {D30: Queen's Gambit Declined: Systems without Nc3} Nf6 7. Rc1 O-O 8. g3 {White is slightly better.} b6 $146 ({Predecessor:} 8... c6 9. Bg2 Nbd7 10. O-O e5 11. dxe5 Nxe5 12. Nxe5 Qxe5 13. cxd5 cxd5 14. Rc3 {½-½ (14) Can,E (2586)-Zvjaginsev,V (2642) Skopje 2019}) 9. Bg2 Bb7 10. O-O Rc8 11. Ne5 Nbd7 12. cxd5 Nxe5 13. dxe5 Nxd5 14. a3 {e4 is the strong threat.} Qe8 15. Qc2 Rab8 16. Rfd1 $36 {[%mdl 2048] White has some pressure.} h6 17. Nc4 Ba8 18. h4 Ne7 19. Bxa8 Rxa8 20. Ne3 Qb5 21. Qe4 Ng6 {[#]} (21... Qxe2 $11 22. Rc2 Qb5) 22. Rxc7 $1 $16 Qxe5 {[#]} 23. Rxc8+ $1 Rxc8 24. Qb7 Rb8 25. Qa7 Nf8 26. Rd2 {Strongly threatening Nc4.} ({Much worse is} 26. Qxa6 $6 Qxb2 27. f3 e5 $11) 26... Rc8 {With the idea ...Rc1+.} 27. Qxb6 Rc1+ 28. Nd1 a5 29. Qd4 Ng6 30. Kg2 Qxd4 31. Rxd4 {[%mdl 4096] Endgame KRN-KRN} Rc2 32. Kf3 f5 33. Ke3 Ne5 34. f4 Nc6 35. Rd2 Rxd2 (35... Rc5 {keeps fighting.} 36. Nc3 e5) 36. Kxd2 $18 {KN-KN} Kf7 37. Ne3 Kf6 38. Nc4 g5 39. h5 g4 $2 (39... gxf4 40. gxf4 Kg7) 40. e3 Ke7 41. Kd3 Nb8 {intending ...Nd7.} 42. Nxa5 Nd7 {Black hopes to continue with ...Nc5+.} 43. Nc6+ Kd6 44. Nd4 Nf6 45. b4 Nxh5 46. Ne2 Nf6 47. Kd4 Ne4 $2 (47... Nd5 48. e4 fxe4 49. Kxe4 Nf6+ 50. Kd4 Nd7) 48. a4 {[%cal Ba3a4,Ba4a5,Ba5a6][%mdl 32] White is clearly winning.} h5 49. a5 Nd2 50. Kd3 Ne4 51. a6 Kc7 52. Kd4 Nd2 53. Ke5 Nc4+ 54. Kxe6 Nxe3 55. b5 Kb6 56. Kf6 {Accuracy: White = 83%, Black = 52%.} 1-0

[Event "Biel Master Tournament 2019"]
[Site "Biel"]
[Date "2019.07.30"]
[Round "8.11"]
[White "Vishnu Prasanna. V"]
[Black "Sedlak, Nikola"]
[Result "0-1"]
[WhiteElo "2505"]
[BlackElo "2586"]
[Annotator "ChessBase"]
[PlyCount "74"]
[EventDate "2019.07.20"]
[EventType "swiss"]
[EventCountry "SUI"]
[SourceTitle "playchess.com"]
[Source "ChessBase"]
[SourceQuality "1"]
[TimeControl "40/5400+30:1800+30"]

1. e4 {[%emt 0:00:00]} e6 {[%emt 0:00:01]} 2. d4 {[%emt 0:00:00]} d5 {[%emt 0:00:10]} 3. Nc3 {[%emt 0:00:00]} Nf6 {[%emt 0:00:34]} 4. e5 {[%emt 0:00:17]} Nfd7 {[%emt 0:00:32]} 5. Nce2 {[%emt 0:00:14]} c5 {[%emt 0:00:45]} 6. c3 {[%emt 0:00:25]} Nc6 {[%emt 0:02:53]} 7. f4 {[%emt 0:02:06]} b5 {[%emt 0:07:28]} 8. a3 {[%emt 0:03:27]} c4 {[%emt 0:00:49]} 9. Nf3 {[%emt 0:01:00]} Nb6 {[%emt 0:02:09]} 10. g4 {[%emt 0:05:01]} h5 {[%emt 0:04:26]} 11. gxh5 {[%emt 0:01:23]} Rxh5 {[%emt 0:00:51]} 12. Be3 {[%emt 0:07:01]} f5 {[%emt 0:11:16]} 13. exf6 {[%emt 0:11:18]} Qxf6 {[%emt 0:01:00]} 14. Bg2 {[%emt 0:02:35]} Ne7 {[%emt 0:10:52]} 15. Ng3 {[%emt 0:07:04]} Rh8 {[%emt 0:00:34]} 16. f5 {[%emt 0:00:58]} Nxf5 {[%emt 0:00:26]} 17. Nxf5 {[%emt 0:05:14]} Qxf5 {[%emt 0:02:50]} 18. Ne5 {[%emt 0:06:21]} Be7 {[%emt 0:01:32]} 19. Rf1 {[%emt 0:07:16]} Qh5 {[%emt 0:05:27]} 20. Qb1 {[%emt 0:07:42]} Bf6 {[%emt 0:09:00]} 21. Rf3 {[%emt 0:07:08]} Rg8 {[%emt 0:07:01]} 22. Qd1 {[%emt 0:12:06]} Bd7 {[%emt 0:01:51]} 23. a4 {[%emt 0:03:26]} bxa4 {[%emt 0:07:30]} 24. Bh3 {[%emt 0:01:59]} Qh4+ {[%emt 0:05:42]} 25. Bf2 {[%emt 0:02:15]} Qe4+ {[%emt 0:00:21]} 26. Re3 {[%emt 0:00:20]} Qh1+ {[%emt 0:00:27]} 27. Bf1 {[%emt 0:00:07]} Qxh2 {[%emt 0:00:28]} 28. Qg4 {[%emt 0:03:54]} Bxe5 {[%emt 0:01:15]} 29. Rxe5 {[%emt 0:02:38]} O-O-O {[%emt 0:02:51]} 30. Re2 {[%emt 0:00:53]} Rdf8 {[%emt 0:01:33]} 31. Qg3 {[%emt 0:00:47]} Qh7 {[%emt 0:06:24]} 32. Bg1 {[%emt 0:00:13]} Kb7 {[%emt 0:00:38]} 33. Bh2 {[%emt 0:00:21]} Ka8 {[%emt 0:01:13]} 34. Bg2 {[%emt 0:00:52]} Rh8 {[%emt 0:00:58]} 35. Bf1 {[%emt 0:00:35]} Qd3 {[%emt 0:02:02]} 36. Qg2 {[%emt 0:00:32]} a3 {[%emt 0:00:20]} 37. Rd1 {[%emt 0:00:30]} Rxh2 {[%emt 0:01:58]} 0-1